ADHUNIC HINDI VYAKARAN THADHA RACHANA (Record no. 4278)
[ view plain ]
| 000 -LEADER | |
|---|---|
| fixed length control field | 00310nam a22001337a 4500 |
| 020 ## - INTERNATIONAL STANDARD BOOK NUMBER | |
| ISBN | 978-81-318-0382-0 |
| 082 ## - DEWEY DECIMAL CLASSIFICATION NUMBER | |
| Classification number | 494 |
| Item number | BHA/A |
| 100 ## - MAIN ENTRY--AUTHOR NAME | |
| Personal name | BHATRA,ASHOK |
| 245 ## - TITLE STATEMENT | |
| Title | ADHUNIC HINDI VYAKARAN THADHA RACHANA |
| 260 ## - PUBLICATION, DISTRIBUTION, ETC. (IMPRINT) | |
| Place of publication | DELHI |
| Name of publisher | LAKSHMI PUBLICATION |
| 300 ## - PHYSICAL DESCRIPTION | |
| Number of Pages | 430 |
| 650 ## - SUBJECT ADDED ENTRY--TOPICAL TERM | |
| Topical Term | GRAMMAR |
| Geographic subdivision | DELHI |
| 942 ## - ADDED ENTRY ELEMENTS (KOHA) | |
| Koha item type | Books |
| Withdrawn status | Lost status | Collection code | Home library | Current library | Shelving location | Date acquired | Source of acquisition | Full call number | Accession Number | Koha item type |
|---|---|---|---|---|---|---|---|---|---|---|
| Reference | Main Library | Main Library | 14/10/2008 | PURCHASE | 494 BHA/A | 04388 | Books |